Statistics for Countries with embassies and consulates in Uganda

Click here to take the quiz!

General Stats

  • This quiz has been taken 30 times
  • The average score is 35 of 42

Answer Stats

ContinentCountry% Correct
AfricaEgypt
100%
AfricaEthiopia
100%
EuropeFrance
100%
EuropeGermany
100%
AfricaSouth Africa
100%
EuropeUnited Kingdom
100%
Asia/ EuropeRussia
96%
AfricaTanzania
96%
North AmericaUnited States of America
96%
EuropeBelgium
92%
AsiaChina
92%
EuropeDenmark
92%
AfricaD. R. Congo
92%
EuropeItaly
92%
AsiaJapan
92%
AfricaRwanda
92%
AsiaSouth Korea
92%
AfricaSouth Sudan
92%
Asia/ EuropeTurkey
92%
AfricaKenya
88%
AfricaNigeria
88%
AfricaSudan
88%
Europethe Netherlands
88%
AfricaAlgeria
85%
AfricaBurundi
85%
North AmericaCuba
85%
EuropeNorway
85%
AsiaSaudi Arabia
85%
EuropeSweden
85%
AsiaIndia
81%
EuropeIreland
81%
AfricaSomalia
81%
AsiaUnited Arab Emirates
81%
AsiaIran
77%
AfricaLibya
77%
EuropeVatican City
65%
EuropeRomania
58%
EuropeIceland
54%
North AmericaTrinidad and Tobago
54%
AsiaNorth Korea
50%
AsiaSri Lanka
42%
AfricaWestern Sahara
15%

Score Distribution

Percentile by Number Answered

Percent of People with Each Score

Your Score History

You have not taken this quiz